Personnages des albums d'Herge dans Tintin et le mystere de la Tioson d'or (Record no. 1054167)

MARC details
000 -LEADER
fixed length control field 00713nam a2200241Ia 4500
003 - CONTROL NUMBER IDENTIFIER
control field OSt
005 - DATE AND TIME OF LATEST TRANSACTION
control field 20221005125504.0
008 - FIXED-LENGTH DATA ELEMENTS--GENERAL INFORMATION
fixed length control field 221004b |||||||| |||| 00| 0 eng d
037 ## - SOURCE OF ACQUISITION
Terms of availability Textual
040 ## - CATALOGING SOURCE
Original cataloging agency CRL
Transcribing agency CRL
Language of cataloging eng
041 ## - LANGUAGE CODE
Source of code eng
Language code of text/sound track or separate title eng
100 ## - MAIN ENTRY--PERSONAL NAME
Personal name Barret Andre
9 (RLIN) 636751
245 #0 - TITLE STATEMENT
Title Personnages des albums d'Herge dans Tintin et le mystere de la Tioson d'or
260 ## - PUBLICATION, DISTRIBUTION, ETC.
Date of publication, distribution, etc. 1962
650 ## - SUBJECT ADDED ENTRY--TOPICAL TERM
Topical term or geographic name entry element FRENCH LITERATURE
9 (RLIN) 13614
700 ## - ADDED ENTRY--PERSONAL NAME
Personal name Forlani Remo
9 (RLIN) 636752
942 ## - ADDED ENTRY ELEMENTS (KOHA)
Classification part O122,3N07,5, K2 close sec
Koha item type Textual
Source of classification or shelving scheme
Holdings
Withdrawn status Lost status Damaged status Not for loan Home library Current library Date acquired Total Checkouts Full call number Barcode Date last seen Price effective from Koha item type
        Central Library Central Library 2022-10-05   O122,3N07,5 K2 close sec CL0207803 2022-10-05 2022-10-05 Textual
Copyright @ Delhi University Library System